| 000 | 00576nab#a2200193#c#4500 | ||
|---|---|---|---|
| 999 |
_c122318 _d122318 |
||
| 003 | IEF | ||
| 005 | 20191204132929.0 | ||
| 008 | 950704s1976 uuu|| #####0 b| |u | ||
| 040 |
_aIEF _cES-MaIEF |
||
| 100 | 1 |
_aJuan Peñalosa, José Luis de _923167 |
|
| 245 |
_aLos internacionalistas _bFlores de Lemus y Viñuales _c J. L. de Juan Peñalosa |
||
| 260 | _c1976 | ||
| 650 | 4 |
_aHOMENAJES _945439 |
|
| 650 | 4 |
_aFLORES DE LEMUS, ANTONIO (1876-1941) _944347 |
|
| 773 | 0 |
_tHacienda pública española _w34570 _g42-43, p. 265-268 |
|
| 942 | _2udc | ||
| 942 | _2udc | ||